000 01311nam a22002417a 4500
999 _c57216
_d57216
003 Ge_BSU
005 20200120123534.0
008 200120s2010 ||||| |||| 00| 0 geo d
020 _a9789941022906
041 _ageo
080 _a621.3.011.7(076.5 ტ-93
100 _aტუღუში, მაია.
_92277
245 _aლაბორატორიული სამუშაოები ელექტრული წრედების თეორიაში :
_bსახელმძღვ. /
_cმაია ტუღუში ; მადონა ლორია ; რედ. ნ. ჭედია.
264 _aბათუმი,
_c2010.
300 _a106 გვ. :
_b ნახ., ცხრ. ;
_c20 სმ.
504 _aბიბლიოგრ.: გვ. 104.
653 _aელექტრული წრედების თეორია
653 _aელექტროტექნიკა
700 _aლორია, მადონა
_95254
700 _aჭედია, ნუგზარ
_eრედაქტორი
_96249
710 _eსახელმძღვ. ეძღვნება შოთა რუსთაველის სახელმწ. უნ-ტის დაარსების 75 წლისთავს
_96250
942 _2udc
_cBK